| 000 | 00492cam3a220016900 4500 | ||
|---|---|---|---|
| 005 | 20190819100744.0 | ||
| 008 | 040830 | ||
| 020 | _a978131110X | ||
| 035 | _a(Sirsi) a147136 | ||
| 050 | 0 |
_aSB351.C75 _bADV 1997 |
|
| 245 | 1 | 0 |
_aAdvances in cowpea research / _cedited by B. B Singh, eta`l |
| 260 |
_aJicas: _bTsukuba, _c1997. |
||
| 350 | _a50 | ||
| 504 | _aIncudes bibliogaphical references | ||
| 650 | 0 |
_aCowpea _6S87311.1 |
|
| 700 | 0 | 0 |
_aSingh, B. B. _6A117894.1 |
| 999 |
_c101331 _d101331 |
||